000 00946nam a2200253 a 4500
001 000031880
003 DO-SdBNP
005 20240527195259.0
008 090709t2009 dr 001 0 spa d
040 _aDO-SdBNP
_bspa
_cBNPHU
082 4 _aF-RD 94
100 1 _aMorrison, Milton,
_d1975-
_910874
245 1 3 _aSíntesis del libro la ruptura generacional :
_bhacia una renovación de la esperanza /
_cMilton Morrison.
260 _aSanto Domingo :
_b[s. n.,
_c2009].
300 _a8 p. ;
_c22 cm.
500 _aIncluye datos biográficos del autor en la contracubierta.
650 0 _aGlobalización
_91524
651 4 _aRepública Dominicana
_xPolítica y gobierno
_958081
651 4 _aRepública Dominicana
_xAdministración pública
_9657
651 4 _aRepública Dominicana
_xCondiciones económicas
_9281
651 4 _aRepública Dominicana
_xCondiciones sociales
_946
910 _aValidado. Control de calidad EMS.
942 _2ddc
_cLBS1
999 _c31372
_d31372